000 00567cam a22002171 4500
001 sa 66003249
003 DLC
005 20260227112234.0
008 890807s1964 ii 000 0 malo
010 _asa 66003249
035 _a(OCoLC)20136041
040 _aDLC
_cWaU
_dDLC
042 _apremarc
050 0 0 _aPL4718.9.S65
_bK28
100 2 _aSreedhara Menon, Vailoppillil,
_d1911-1986.
245 1 0 _aKaṭalkkākkakaḷ.
260 _a[Ernakulam,
_bV. Govindankutty Menon,
_c1964]
300 _a135 p.
_c19 cm.
500 _aIn Malayalam.
500 _aPoems.
999 _c68749
_d68749